000 00242nam a22000977a 4500
999 _c521380
_d521380
082 _aTNC B136X54 R246
100 _aReddy, G Narayana
_935127
245 _aRural Dynamics and Development
260 _aCivil lines
_bChugh
_c1986
300 _a135p.